Five Most (And Least) Democratic Countries by Continent - Statistics

General Stats
  • This quiz has been taken 170 times
  • The average score is 32 of 60
Answer Stats
Continent Type of Government Rank Country % Correct
North America (Most) Full Democracy 12 Canada
90%
North America (Most) Flawed Democracy 26 United States
89%
Oceania (Most) Full Democracy 9 Australia
82%
Oceania (Least) Full Democracy 9 Australia
82%
Oceania (Most) Full Democracy 2 New Zealand
80%
Oceania (Least) Full Democracy 2 New Zealand
80%
Europe (Least) Authoritarian 124 Russia
78%
South America (Most) Flawed Democracy 47 Brazil
77%
Asia (Most) Full Democracy 17 Japan
76%
Africa (Most) Flawed Democracy 44 South Africa
76%
South America (Most) Flawed Democracy 50 Argentina
74%
Europe (Most) Full Democracy 4 Sweden
73%
Europe (Most) Full Democracy 1 Norway
72%
Europe (Most) Full Democracy 3 Finland
71%
Asia (Most) Full Democracy 16 South Korea
71%
South America (Most) Flawed Democracy 25 Chile
70%
Europe (Most) Full Democracy 6 Denmark
68%
South America (Most) Full Democracy 13 Uruguay
68%
South America (Least) Authoritarian 151 Venezuela
67%
Europe (Least) Authoritarian 146 Belarus
65%
Asia (Least) Authoritarian 165 North Korea
65%
South America (Least) Hybrid Regime 77 Paraguay
65%
South America (Least) Flawed Democracy 71 Peru
65%
North America (Least) Authoritarian 142 Cuba
63%
Oceania (Most) Flawed Democracy 69 Papua New Guinea
63%
Oceania (Least) Flawed Democracy 69 Papua New Guinea
63%
South America (Least) Hybrid Regime 98 Bolivia
62%
Europe (Most) Full Democracy 5 Iceland
62%
Oceania (Most) Hybrid Regime 84 Fiji
60%
Oceania (Least) Hybrid Regime 84 Fiji
60%
North America (Most) Full Democracy 20 Costa Rica
59%
South America (Least) Hybrid Regime 81 Ecuador
59%
South America (Most) Flawed Democracy 49 Suriname
59%
Asia (Most) Full Democracy 8 Taiwan
54%
North America (Least) Authoritarian 119 Haiti
51%
Africa (Least) Authoritarian 164 Democratic Republic of the Congo
50%
North America (Most) Flawed Democracy 42 Jamaica
49%
Asia (Most) Flawed Democracy 23 Israel
48%
Europe (Least) Hybrid Regime 86 Ukraine
48%
Africa (Most) Flawed Democracy 30 Botswana
45%
Africa (Most) Full Democracy 19 Mauritius
45%
North America (Least) Hybrid Regime 99 Guatemala
44%
Asia (Least) Authoritarian 167 Afghanistan
43%
North America (Least) Authoritarian 140 Nicaragua
42%
North America (Least) Hybrid Regime 92 Honduras
40%
Asia (Most) Flawed Democracy 37/39 Cyprus/Malaysia
38%
Africa (Most) Flawed Democracy 55 Namibia
36%
Asia (Least) Authoritarian 162 Syria
35%
North America (Most) Flawed Democracy 41 Trinidad and Tobago
32%
Asia (Least) Authoritarian 161 Turkmenistan
30%
Asia (Least) Authoritarian 166 Myanmar
29%
Europe (Least) Hybrid Regime 95 Bosnia and Herzegovina
28%
Africa (Most) Flawed Democracy 32 Cape Verde
28%
Africa (Least) Authoritarian 162 Central African Republic
28%
Africa (Least) Authoritarian 160 Chad
26%
Africa (Least) Authoritarian 154 Libya
24%
Europe (Least) Flawed Democracy 74 Montenegro
17%
Africa (Least) Authoritarian 158 Equatorial Guinea
11%
Oceania (Most) - - filler
2%
Oceania (Least) - - filler
2%
No matching quizzes found
Score Distribution
Percent of People with Each Score
Percentile by Number Answered
Your Score History
You have not taken this quiz